[Event "Challenge"]
[Site "http://www.queenalice.com/game.php?id=1765310"]
[Date "2021.7.25"]
[Round "-"]
[White "Baptiste2003"]
[Black "poeleabois"]
[Result "0-1"]
[WhiteElo "1121"]
[BlackElo "1561"]

1. e4 e5 2. Nf3 Nc6 3. Bb5 d6 4. O-O a6 5. Ba4 b5 6. Bb3 Nf6 7. Ng5 Be6 8. Bxe6
fxe6 9. Nxe6 Qe7 10. Ng5 h6 11. Nf3 Nxe4 12. d3 Nf6 13. Re1 O-O-O 14. b3 g5 15.
Bb2 Bg7 16. d4 Nd5 17. dxe5 Ndb4 18. a3 dxe5 19. axb4 Rxd1 20. Rxd1 e4 21. Nd4
Nxd4 22. Rxa6 e3 23. Bxd4 e2 24. Re1 Bxd4 25. h3 Bxf2+ 26. Kxf2 Rf8+ 27. Kg1
Qe3+ 28. Kh2 Rf1 29. Rxe2 Qxe2 30. Nc3 Qe5+ 31. g3 Rf2+ 32. Kg1 Qe1# 0-1

[Event "Let's Play Chess!"]
[Site "http://www.queenalice.com/game.php?id=1766860"]
[Date "2021.8.15"]
[Round "-"]
[White "charles31"]
[Black "Baptiste2003"]
[Result "1-0"]
[WhiteElo "1663"]
[BlackElo "1123"]

1. Nf3 c5 2. e4 d6 3. Bb5+ Bd7 4. Bxd7+ Qxd7 5. Nc3 Nc6 6. d3 g6 7. h3 Bg7 8.
Bd2 Nf6 9. Qe2 O-O 10. g4 Nb4 11. Qd1 Rac8 12. a3 Nc6 13. Be3 b6 14. Nh2 e5 15.
h4 Qe6 16. f4 Nd4 17. f5 gxf5 18. g5 Ng4 19. exf5 1-0

[Event "Challenge"]
[Site "http://www.queenalice.com/game.php?id=1826642"]
[Date "2023.12.7"]
[Round "-"]
[White "Baptiste2003"]
[Black "poeleabois"]
[Result "0-1"]
[WhiteElo "1119"]
[BlackElo "1608"]

1. e4 e5 2. Nf3 d6 3. Nc3 Nf6 4. Bc4 Nc6 5. O-O Be7 6. Nd5 Nxe4 7. Re1 Nf6 8. d3
h6 9. h3 O-O 10. c3 Be6 11. Nxe7+ Qxe7 12. b4 a6 13. Bb3 b5 14. d4 Bxb3 15. axb3
a5 16. dxe5 dxe5 17. Be3 axb4 18. cxb4 Nxb4 19. Qd2 Rad8 20. Qc3 Ne4 21. Bc5
Qxc5 22. Qxc5 Nxc5 23. Rxe5 Rd5 24. Re7 c6 25. Re3 Nc2 26. Rd3 Rxd3 27. Rc1 Rc3
28. Nd4 Nxb3 29. Rxc2 Rxc2 30. Nxc2 Re8 31. g4 g5 32. Nb4 c5 33. Nd5 Re5 34. Ne3
c4 35. Nc2 c3 36. Na3 b4 37. Nc4 Re1+ 38. Kg2 c2 39. Nd2 Nxd2 40. Kh2 c1=Q 41.
Kg2 Qc6+ 42. f3 Qxf3+ 43. Kh2 Rh1# 0-1

[Event "Challenge"]
[Site "http://www.queenalice.com/game.php?id=1829315"]
[Date "2024.1.14"]
[Round "-"]
[White "Baptiste2003"]
[Black "poeleabois"]
[Result "1-0"]
[WhiteElo "1138"]
[BlackElo "1495"]

1. e4 e5 2. Nf3 Nc6 3. Bb5 a6 4. Ba4 b5 5. Bb3 d6 6. c3 Nf6 7. d3 h6 8. h3 Be7
9. Be3 O-O 10. O-O d5 11. exd5 Nxd5 12. c4 bxc4 13. Bxc4 Nxe3 14. fxe3 Bf6 15.
e4 Nd4 16. Nxd4 Qxd4+ 17. Kh1 Qxb2 18. Nd2 Qd4 19. Rb1 Re8 20. Qh5 Be6 21. Bxe6
Rxe6 22. Nf3 Qxd3 23. Rbd1 Qxe4 24. Nd2 Qg6 25. Qf3 e4 26. Qf4 c5 27. Rfe1 Bc3
28. Re2 f5 29. Nb3 Qh5 30. Qe3 Bb4 31. Rf1 c4 32. Nd2 c3 33. Nb3 Rc8 34. Nd4 Rf6
35. Rc2 Qg5 36. Qe2 Bd6 37. Qxa6 Rc5 38. Qa3 Rc4 39. Qb3 Kh7 40. Qxc4 Qg3 41.
Kg1 e3 42. Rf3 Qh2+ 43. Kf1 Qh1+ 44. Ke2 Be5 45. Kxe3 f4+ 46. Ke4 Bxd4 47. Qxd4
Qe1+ 48. Kd3 Qd1+ 49. Kxc3 Rc6+ 50. Kb3 Qxc2+ 51. Kb4 Qb1+ 52. Rb3 Qf5 53. Qd3
Qxd3 54. Rxd3 Re6 55. g3 fxg3 56. Rxg3 Rg6 57. Rxg6 Kxg6 58. a4 Kf7 59. a5 g5
60. a6 h5 61. a7 g4 62. hxg4 hxg4 63. a8=Q Kf6 64. Qd5 Kg6 65. Kc4 g3 66. Qf3
Kg5 67. Qxg3+ Kh5 68. Kd5 Kh6 69. Ke6 Kh5 70. Kf6 Kh6 71. Qg6# 1-0

[Event "Challenge"]
[Site "http://www.queenalice.com/game.php?id=1844698"]
[Date "2024.10.4"]
[Round "-"]
[White "Baptiste2003"]
[Black "dejami"]
[Result "1-0"]
[WhiteElo "1329"]
[BlackElo "1700"]

1. e4 e5 2. Nf3 f6 3. c3 Nc6 4. Bb5 Nce7 5. d4 a6 6. Ba4 b5 7. Bb3 Ng6 8. O-O
N8e7 9. Be3 Bb7 10. Nbd2 Nc8 11. h3 Nb6 12. d5 Nc8 13. Rc1 Nd6 14. c4 b4 15. c5
Nb5 16. c6 dxc6 17. dxc6 Bxc6 18. Rxc6 Qd7 19. Qc1 Ne7 20. Rc4 g5 21. Rxb4 Nc6
22. Rc4 Na5 23. Rc5 Bxc5 24. Bxc5 h5 25. Bb4 Nxb3 26. Nxb3 g4 27. Rd1 Qh7 28.
Qc6+ Kf7 29. Rd7+ Kg6 30. Rxh7 Kxh7 31. Qxf6 gxf3 32. Qxf3 Kg7 33. Qf5 Kh6 34.
Qxe5 Rae8 35. Qf6+ Kh7 36. Qxa6 Re5 37. Bc3 Rg5 38. Bxh8 Kxh8 39. Qf6+ Rg7 40.
Nd4 Nxd4 41. Qxd4 Kh7 42. a4 1-0

[Event "Challenge"]
[Site "http://www.queenalice.com/game.php?id=1844699"]
[Date "2024.10.4"]
[Round "-"]
[White "dejami"]
[Black "Baptiste2003"]
[Result "1-0"]
[WhiteElo "1707"]
[BlackElo "1342"]

1. e4 c5 2. Bc4 Nc6 3. Qf3 e6 4. c3 Nf6 5. Nh3 d5 6. Bd3 d4 7. Na3 Ne5 8. Qe2
Be7 9. f3 O-O 10. Nf4 b6 11. Nc2 h6 12. c4 Nxd3+ 13. Qxd3 e5 14. Ne2 Nh5 15. Na3
Nf4 16. Nxf4 exf4 17. O-O Qd6 18. Nb5 Qg6 19. Nc7 Bh3 20. Rf2 Rab8 21. Nd5 Rfe8
22. Kh1 Bd7 23. b3 Bc6 24. Nc7 Red8 25. Qe2 Rb7 26. Nd5 Bxd5 27. exd5 Bh4 28. d3
Bxf2 29. Qxf2 Qxd3 30. Bxf4 Re7 31. h3 Re2 32. Qg3 Qc3 33. Bxh6 d3 34. f4 Qxa1+
35. Kh2 Rd6 36. Bg5 d2 37. f5 Qe5 38. Qxe5 Rxe5 39. Bxd2 Rxf5 40. Be1 Rf1 41.
Bg3 Rdf6 42. d6 Rd1 43. h4 Rfxd6 44. Bxd6 Rxd6 45. g4 Rd2+ 46. Kg3 Rxa2 47. Kf4
Kh7 48. Kf5 Rf2+ 49. Ke4 a5 50. Ke3 Rb2 51. Ke4 1-0

[Event "Challenge"]
[Site "http://www.queenalice.com/game.php?id=1847514"]
[Date "2024.11.20"]
[Round "-"]
[White "poeleabois"]
[Black "Baptiste2003"]
[Result "0-1"]
[WhiteElo "1588"]
[BlackElo "1168"]

1. e4 c5 2. Nc3 Nc6 3. Bb5 e6 4. d3 a6 5. Bxc6 bxc6 6. Nf3 d5 7. exd5 cxd5 8. d4
Bd6 9. Bg5 Nf6 10. O-O O-O 11. h3 h6 12. Bxf6 Qxf6 13. dxc5 Bxc5 14. Na4 Ba7 15.
c3 Bd7 16. b4 Rfc8 17. Rc1 e5 18. Qxd5 Bxa4 19. Nxe5 Rd8 20. Qe4 Re8 21. Rfe1
Bxf2+ 22. Kh2 Bxe1 23. Rxe1 Bc6 24. Qd4 Re6 25. a4 Rae8 26. Kg1 Rxe5 27. Rxe5
Rxe5 28. Qa7 Re1+ 29. Kh2 Qe5+ 30. g3 Qe2+ 31. Qf2 Qxf2# 0-1

[Event "Challenge"]
[Site "http://www.queenalice.com/game.php?id=1851168"]
[Date "2025.1.28"]
[Round "-"]
[White "poeleabois"]
[Black "Baptiste2003"]
[Result "1-0"]
[WhiteElo "1535"]
[BlackElo "1248"]

1. e4 d5 2. d3 e5 3. Bd2 d4 4. c3 Nc6 5. Nf3 Nf6 6. h3 b5 7. Bg5 Be7 8. Be2 h6
9. Bxf6 Bxf6 10. O-O a6 11. cxd4 Nxd4 12. Nc3 O-O 13. Nxd4 exd4 14. Nd5 Be5 15.
f4 Bd6 16. e5 Bc5 17. Qb3 c6 18. Nb4 Bxb4 19. Qxb4 f6 20. Qc5 fxe5 21. fxe5
Rxf1+ 22. Rxf1 Bb7 23. Rf4 Qd5 24. Qe7 c5 25. Bf3 Qxa2 26. Bxb7 Ra7 27. Qe8+ Kh7
28. Be4+ g6 29. Qxg6+ Kh8 30. Rf8+ Qg8 31. Qxg8# 1-0

[Event "Challenge"]
[Site "http://www.queenalice.com/game.php?id=1851169"]
[Date "2025.1.28"]
[Round "-"]
[White "Baptiste2003"]
[Black "poeleabois"]
[Result "1-0"]
[WhiteElo "1218"]
[BlackElo "1565"]

1. e4 e5 2. Nf3 d6 3. Bc4 h6 4. d3 a6 5. O-O Bg4 6. h3 Bxf3 7. Qxf3 Nf6 8. Nc3
Be7 9. Nd5 O-O 10. Qg3 Kh7 11. f4 exf4 12. Bxf4 Nxd5 13. Bxd5 c6 14. Bb3 g5 15.
Be3 d5 16. exd5 cxd5 17. Qe5 Nc6 18. Qf5+ Kg7 19. Bxd5 f6 20. Be4 Rh8 21. Qg6+
Kf8 22. Bc5 Bxc5+ 23. Kh1 Ne5 24. Rxf6+ Qxf6 25. Qxf6+ Nf7 26. Rf1 1-0

[Event "AUTO-INT-3924"]
[Site "http://www.queenalice.com/game.php?id=1854442"]
[Date "2025.3.24"]
[Round "1"]
[White "Borsssoi"]
[Black "Baptiste2003"]
[Result "0-1"]
[WhiteElo "1619"]
[BlackElo "1300"]

1. e4 c5 2. Nf3 Nc6 3. c3 e6 4. Bb5 a6 5. Bxc6 bxc6 6. O-O g6 7. d4 cxd4 8. cxd4
Bg7 9. Bg5 f6 10. Be3 Ne7 11. Nbd2 O-O 12. Nc4 d5 13. Na3 Qc7 14. Rc1 dxe4 15.
Nd2 Nd5 16. Nxe4 f5 17. Ng5 Nf6 18. Qb3 Ng4 19. g3 Re8 20. d5 exd5 21. Qb6 Qxb6
22. Bxb6 Bh6 23. h3 Bxg5 24. hxg4 Bxc1 25. Rxc1 Bd7 26. gxf5 gxf5 27. f4 Rab8
28. Bc7 Rxb2 29. Nc2 Re2 30. Nd4 Rg2+ 31. Kf1 Rbf2+ 32. Ke1 Rh2 33. Ne2 Rxe2+
34. Kf1 Rxa2 35. Ba5 Rh1# 0-1

[Event "AUTO-INT-3924"]
[Site "http://www.queenalice.com/game.php?id=1854443"]
[Date "2025.3.24"]
[Round "1"]
[White "Baptiste2003"]
[Black "Borsssoi"]
[Result "1-0"]
[WhiteElo "1273"]
[BlackElo "1649"]

1. e4 e5 2. Nf3 Nc6 3. Bc4 d5 4. exd5 e4 5. dxc6 exf3 6. Qxf3 Qe7+ 7. Qe3 bxc6
8. O-O Nf6 9. d4 g6 10. Re1 Bb7 11. Qxe7+ Bxe7 12. Bg5 O-O-O 13. Rxe7 Nh5 14. c3
f6 15. Bh4 Nf4 16. Bxf6 Rhf8 17. Bg5 c5 18. Rxh7 cxd4 19. Bxd8 Rxd8 20. Na3 d3
21. Rd1 Bxg2 22. Rh4 g5 23. Rxf4 gxf4 24. Kxg2 d2 25. Nb1 f3+ 26. Kxf3 Rf8+ 27.
Kg2 Rg8+ 28. Bxg8 1-0

[Event "AUTO-INT-3924"]
[Site "http://www.queenalice.com/game.php?id=1854461"]
[Date "2025.3.24"]
[Round "1"]
[White "Jomaley"]
[Black "Baptiste2003"]
[Result "1-0"]
[WhiteElo "1490"]
[BlackElo "1359"]

1. e4 c5 2. Bc4 Nc6 3. a3 Nf6 4. f3 g6 5. d3 e6 6. Bg5 Bg7 7. Nc3 a6 8. Nge2 O-O
9. h4 Qc7 10. Bxf6 Bxf6 11. Qd2 Nd4 12. Nxd4 Bxd4 13. b4 cxb4 14. axb4 Qg3+ 15.
Kd1 Bxc3 16. Qxc3 Qxg2 17. Qe1 Qxf3+ 18. Kc1 d5 19. exd5 exd5 20. Bb3 Bd7 21.
Rf1 Qh5 22. Rf4 Qh6 23. Qe5 Rfe8 24. Qg5 Qxg5 25. hxg5 Re1+ 26. Kb2 Rxa1 27.
Kxa1 Rc8 28. c4 dxc4 29. dxc4 Be6 30. Ka2 b5 31. c5 Bxb3+ 32. Kxb3 Rd8 33. Kc3
Rd5 34. Rg4 Kf8 35. c6 Ke8 36. Re4+ Kd8 37. Rd4 Rxd4 38. Kxd4 Kc8 39. Kd5 Kc7
40. Kc5 a5 41. bxa5 b4 42. Kxb4 Kxc6 43. Kc4 f5 44. gxf6 Kd7 45. a6 1-0

[Event "AUTO-INT-3924"]
[Site "http://www.queenalice.com/game.php?id=1854462"]
[Date "2025.3.24"]
[Round "1"]
[White "Baptiste2003"]
[Black "Carlos19"]
[Result "1-0"]
[WhiteElo "1243"]
[BlackElo "1663"]

1. e4 e5 2. Bc4 Nf6 3. Nc3 Bc5 4. Nf3 Ng4 5. d4 exd4 6. Ng5 Rf8 7. Qxg4 h6 8.
Bxf7+ Ke7 9. O-O dxc3 10. bxc3 hxg5 11. Bxg5+ Kxf7 12. Bxd8 Rxd8 13. Qf5+ Kg8
14. Qxc5 Nc6 15. Rad1 d6 16. Qd5+ Kh7 17. Rd3 g6 18. Rg3 Rg8 19. Qf7+ Kh8 20.
Rxg6 Rxg6 21. Qxg6 a5 22. Rd1 a4 23. Rd5 Ne7 24. Rh5# 1-0

[Event "AUTO-INT-3924"]
[Site "http://www.queenalice.com/game.php?id=1854463"]
[Date "2025.3.24"]
[Round "1"]
[White "Carlos19"]
[Black "Baptiste2003"]
[Result "1-0"]
[WhiteElo "1633"]
[BlackElo "1303"]

1. e4 c5 2. Bc4 Nc6 3. Nf3 e6 4. Nc3 g6 5. d3 Bg7 6. O-O Nf6 7. Bg5 O-O 8. a3 a6
9. e5 b5 10. Bb3 Nxe5 11. Nxe5 d6 12. Nc6 Qc7 13. Bxf6 Bxf6 14. Qf3 Bxc3 15.
bxc3 Bb7 16. Qe3 Qxc6 17. f3 c4 18. dxc4 bxc4 19. Ba2 d5 20. h4 Qb5 21. Rab1 Qc6
22. Qg5 Rab8 23. h5 e5 24. h6 f6 25. Qh4 Qa4 26. Rb6 g5 27. Qg4 Bc6 28. Qe6+ Kh8
29. Rxb8 Be8 30. Qe7 Qd7 31. Qxd7 Bxd7 32. Rxf8# 1-0

[Event "Challenge"]
[Site "http://www.queenalice.com/game.php?id=1857297"]
[Date "2025.5.14"]
[Round "-"]
[White "poeleabois"]
[Black "Baptiste2003"]
[Result "1-0"]
[WhiteElo "1673"]
[BlackElo "1345"]

1. e4 c5 2. d3 Nc6 3. Nf3 d6 4. h3 g6 5. Be2 Bg7 6. O-O Nf6 7. Nc3 O-O 8. a3 d5
9. exd5 Nxd5 10. Nxd5 Qxd5 11. c4 Qf5 12. Rb1 e5 13. g4 Qe6 14. b4 cxb4 15. axb4
a6 16. Ba3 1-0